Optimization of DNA amplification fingerprinting techniques to study genetic relationships of white lupin germplasm (Record no. 64424)

MARC details
000 -LEADER
fixed length control field 00476nam a2200169Ia 4500
100 ## - MAIN ENTRY--AUTHOR NAME
Personal name Qiu J
245 #0 - TITLE STATEMENT
Title Optimization of DNA amplification fingerprinting techniques to study genetic relationships of white lupin germplasm
260 ## - PUBLICATION, DISTRIBUTION, ETC. (IMPRINT)
Name of publisher Plant Breeding
Year of publication 1995
300 ## - PHYSICAL DESCRIPTION
Number of Pages 525-529
650 ## - SUBJECT ADDED ENTRY--TOPICAL TERM
Topical Term Genetic marker
650 ## - SUBJECT ADDED ENTRY--TOPICAL TERM
Topical Term Lupinus albus
650 ## - SUBJECT ADDED ENTRY--TOPICAL TERM
Topical Term PCR
700 ## - ADDED ENTRY--PERSONAL NAME
Personal name Tuzun S
700 ## - ADDED ENTRY--PERSONAL NAME
Personal name Van Santen E
942 ## - ADDED ENTRY ELEMENTS (KOHA)
Koha item type Journals
Holdings
Withdrawn status Lost status Damaged status Not for loan Home library Current library Shelving location Date acquired Serial Enumeration / chronology Koha item type
      Journals RRII Library RRII Library Genetic markers 17/12/2021 Volume 114, Issue 6 Journals